000 00298nam a22001217a 4500
008 170403b xxu||||| |||| 00| 0 eng d
041 _aeng
080 _a574
100 _a9
101 _aSHM
245 _aSOILS FOR MANAGEMENT OF ORGANIC WASTES AND WASTE WATERS
_cELLIOTT, L.F
942 _2udc
_cBK
999 _c9578
_d9578